Biblioteca

Are churches building mission consciousness? Education for mission evaluated (Registro nro. 70617)

Detalles MARC
000 -LÍDER
Campo fijo de descripción fija 01515nab a2200241 i 4500
001 - NÚMERO DE CONTROL
Campo de control 768714001
003 - IDENTIFICADOR DEL NÚMERO DE CONTROL
Campo de control CO-MdFUSB
005 - FECHA Y HORA DE LA ULTIMA TRANSACCIÓN
control field 20240730150328.0
008 - ELEMENTOS DE LONGITUD FIJA -- INFORMACIÓN GENERAL
Campo fijo de descripción fija -- Información general 240730t1983 -us||||| |||| 00| 0 eng d
040 ## - FUENTE DE CATALOGACIÓN
Idioma de catalogación spa
Agencia que realiza la transcripción CO-MdFUSB
Agencia que realiza la modificación CO-MdFUSB
041 ## - CÓDIGO DE IDIOMA
Código de idioma para texto/pista de sonido o título separado eng
100 ## - ASIENTO PRINCIPAL--NOMBRE PERSONAL
Nombre personal Kaiser, Ward L.,
Fechas asociadas con el nombre 1923-
Término relacionador autor
245 ## - TÍTULO
Título Are churches building mission consciousness? Education for mission evaluated
Mención de responsabilidad / Ward L. Kaiser
520 ## - NOTA DE RESUMEN, ETC.
Nota de sumario, etc. La educación misionera, como afirma D. Campbell Wyckoff, tiene como objetivo ayudar a las personas a comprender y aceptar su papel en la misión global cristiana. Sin embargo, la educación para la misión actualmente recibe tan baja prioridad en muchas congregaciones, seminarios y programas denominacionales que deben plantearse ciertas preguntas: ¿Están las iglesias defraudando a sus miembros? Si los cristianos tienen derecho a saber de qué se trata la misión y a recibir ayuda para participar significativamente en ella, ¿hasta qué punto las iglesias no están cumpliendo con su obligación? En resumen, ¿son las iglesias culpables de malas prácticas?.
546 ## - NOTA DE IDIOMA
Nota de idioma Texto en inglés.
650 #0 - ASIENTO SECUNDARIO DE MATERIA - TERMINO TEMÁTICO
Término temático o nombre geográfico como elemento de entrada Misiones
9 (RLIN) 154
650 #7 - ASIENTO SECUNDARIO DE MATERIA - TERMINO TEMÁTICO
Término temático o nombre geográfico como elemento de entrada Iglesia
9 (RLIN) 655
650 #0 - ASIENTO SECUNDARIO DE MATERIA - TERMINO TEMÁTICO
Término temático o nombre geográfico como elemento de entrada Evangelización
9 (RLIN) 362
650 #0 - ASIENTO SECUNDARIO DE MATERIA - TERMINO TEMÁTICO
Término temático o nombre geográfico como elemento de entrada Vida cristiana
9 (RLIN) 19
773 0# - ASIENTO DE ITEM FUENTE
Biblionumber 49483
Itemnumber 82877
Otro identificador del ítem R2705
Título International Bulletinof Missionary Research
Número de control del registro (CO-MdFUSB)768714001
Número Internacional Normalizado para Publicaciones Seriadas (ISSN) 0272-6122
Parte(s) relacionada(s) / Volumen., número. (mes año), páginas Volumen 7, (número 4, 1983), páginas: 163 - 164
Enumeración y primera página página: 163
942 ## - TIPO DE MATERIAL (KOHA)
Tipo de Item KOHA Artículos de Revista
945 ## - INFORMACIÓN LOCAL DEL REGISTRO
Catalogador Catherine Arias Álvarez - Practicante SENA

No hay ítems disponibles.

Biblioteca FUSBC | Teléfono: (57+4) 349 88 10 Ext. 141| WhatsApp (+57) 3005338115 
E-mail: biblioteca@unisbc.edu.co | Calle 76 87-14 Robledo Palenque, Medellín, Colombia

Con tecnología Koha